[Event "Maccabiah op"]
[Site "Jerusalem"]
[Date "2013.07.23"]
[Round "4"]
[White "Freiman, Mark"]
[Black "Bezgodova, Tatiana"]
[Result "0-1"]
[WhiteElo "1890"]
[BlackElo "1538"]
[PlyCount "120"]
[EventDate "2013.07.21"]
[EventType "swiss"]
[EventRounds "9"]
[EventCountry "ISR"]
[SourceTitle "EXT 2014"]
[Source "ChessBase"]
[SourceDate "2013.11.20"]
[SourceVersion "1"]
[SourceVersionDate "2013.11.20"]
[SourceQuality "1"]

1. e4 e5 2. Nf3 Nc6 3. Bb5 a6 4. Ba4 Nf6 5. 0-0 Be7 6. Re1 b5 7. Bb3 d6 8. c3 0-0 9. h3 Na5 10. Bc2 c5 11. d4 Bb7 12. d5 Nc4 13. b3 Nb6 14. Nbd2 g6 15. Nf1 Nh5 16. Bh6 Ng7 17. Ne3 Bc8 18. Qd2 f5 19. exf5 gxf5 20. a4 e4 21. Nh2 Bg5 22. Bxg5 Qxg5 23. a5 Nd7 24. Nef1 Qg6 25. Ng3 Nf6 26. c4 Bd7 27. Qf4 Nfh5 28. Nxh5 Nxh5 29. Qh4 Rae8 30. Bd1 Ng7 31. Qf4 bxc4 32. bxc4 Rb8 33. Be2 Rb4 34. Nf1 Rfb8 35. Ng3 Rb2 36. h4 h6 37. Kf1 Ne8 38. Bh5 Qf6 39. Bxe8 Rxe8 40. Rac1 Kf7 41. Nh5 Qg6 42. Ng3 Ke7 43. Rb1 Reb8 44. Rxb2 Rxb2 45. f3 Kd8 46. fxe4 fxe4 47. Rxe4 Rb3 48. Ne2 Ra3 49. g4 Kc7 50. Kf2 Rxa5 51. h5 Qg7 52. Kg3 Ra3+ 53. Kh4 Qa1 54. Qxh6 Qh1+ 55. Kg5 Qxe4 56. Nf4 Rg3 57. Ne6+ Kb6 58. Kf6 Qxg4 59. Ke7 Bxe6 60. Qxe6 Qg7+ 0-1

[Event "Anapa op"]
[Site "Anapa"]
[Date "2012.08.30"]
[Round "1"]
[White "Bezgodova, Tatiana"]
[Black "Bazhenov, Viktor Mikhailovich"]
[Result "0-1"]
[WhiteElo "1547"]
[BlackElo "2017"]
[PlyCount "56"]
[EventDate "2012.08.30"]
[EventType "swiss"]
[EventRounds "9"]
[EventCountry "RUS"]
[SourceTitle "CBM 150 Extra"]
[Source "ChessBase"]
[SourceDate "2012.10.19"]
[SourceVersion "1"]
[SourceVersionDate "2012.10.19"]
[SourceQuality "1"]

1. e4 e6 2. d4 d5 3. e5 c5 4. c3 Nc6 5. Nf3 Qb6 6. Bd3 f6 7. exf6 Nxf6 8. 0-0 cxd4 9. Nxd4 Nxd4 10. cxd4 Bd7 11. Bc2 Bd6 12. Nc3 0-0 13. h4 Rac8 14. Rb1 Bb8 15. Bg5 Rc4 16. Be3 Rb4 17. b3 Qc7 18. g3 Qxc3 19. Bd2 Qxd4 20. Bxb4 Qxb4 21. Qd3 Rc8 22. Kg2 Bb5 23. Qd1 Bxf1+ 24. Kxf1 Qc3 25. Rc1 Kf8 26. Qe2 Ne4 27. Qd1 Bd6 28. Kg2 Ba3 0-1

[Event "Moscow op (Women)"]
[Site "Moscow"]
[Date "2012.02.01"]
[Round "5"]
[White "Bezgodova, Tatiana"]
[Black "Ponomarchuk, Anastasia"]
[Result "0-1"]
[WhiteElo "1548"]
[BlackElo "1805"]
[PlyCount "148"]
[EventDate "2012.01.28"]
[EventType "swiss"]
[EventRounds "9"]
[EventCountry "RUS"]
[SourceTitle "CBM 146 Extra"]
[Source "ChessBase"]
[SourceDate "2012.02.29"]
[SourceVersion "1"]
[SourceVersionDate "2012.02.29"]
[SourceQuality "1"]

1. e4 c5 2. Nf3 Nc6 3. d4 cxd4 4. Nxd4 Nf6 5. Nc3 e5 6. Ndb5 d6 7. Bg5 a6 8. Na3 b5 9. Bxf6 gxf6 10. Nd5 f5 11. c3 Bg7 12. exf5 Bxf5 13. Nc2 0-0 14. Nce3 Be6 15. Bd3 f5 16. Bc2 Ne7 17. Nxe7+ Qxe7 18. h4 Rad8 19. Nd5 Qf7 20. Bb3 f4 21. Nc7 d5 22. Nxa6 e4 23. Qe2 f3 24. gxf3 exf3 25. Qxb5 Qf4 26. Qd3 Rfe8 27. Kd1 Bf5 28. Qd2 Qxd2+ 29. Kxd2 Re2+ 30. Kd1 Bh6 31. Nb4 Rxf2 32. Ke1 Rxb2 33. Rd1 f2+ 34. Kf1 Bg4 35. Rxd5 Be2+ 36. Kg2 f1Q+ 37. Rxf1 Bxf1+ 38. Kxf1 Rxd5 39. Nxd5 Kf8 40. c4 Bg7 41. h5 Bd4 42. Ke1 Rh2 43. Nf4 Ke7 44. Kd1 Kd6 45. Bc2 Be3 46. Nd5 Rd2+ 47. Ke1 Rxc2 48. Nxe3 Rxa2 49. Kf1 Kc5 50. Kg1 Kd4 51. Ng2 Ra5 52. Nf4 Rf5 53. Ne6+ Kxc4 54. h6 Rf6 55. Ng7 Rg6+ 56. Kf2 Rxh6 57. Kf3 Rh1 58. Kg2 Ra1 59. Nf5 Kd5 60. Kg3 Ke5 61. Nh4 h5 62. Kf3 Ra3+ 63. Kg2 Kf4 64. Ng6+ Kg5 65. Ne5 Re3 66. Nf3+ Kf4 67. Nh2 h4 68. Nf1 Re2+ 69. Kg1 h3 70. Nh2 Ra2 71. Nf1 Rg2+ 72. Kh1 Kf3 73. Ne3 Re2 74. Nf1 Re1 0-1

[Event "Moscow op (Women)"]
[Site "Moscow"]
[Date "2012.01.30"]
[Round "3"]
[White "Bezgodova, Tatiana"]
[Black "Shmyreva, Tatiana"]
[Result "1-0"]
[WhiteElo "1548"]
[BlackElo "1730"]
[PlyCount "44"]
[EventDate "2012.01.28"]
[EventType "swiss"]
[EventRounds "9"]
[EventCountry "RUS"]
[SourceTitle "CBM 146 Extra"]
[Source "ChessBase"]
[SourceDate "2012.02.29"]
[SourceVersion "1"]
[SourceVersionDate "2012.02.29"]
[SourceQuality "1"]

1. e4 c5 2. Nf3 Nc6 3. d4 d6 4. dxc5 dxc5 5. Qxd8+ Nxd8 6. Nc3 Nc6 7. Be3 e6 8. Bb5 Bd7 9. 0-0-0 Nf6 10. h3 0-0-0 11. Rd2 Be7 12. Rhd1 Rhe8 13. Ng5 Rf8 14. f4 h6 15. Nf3 a6 16. Be2 Nb8 17. e5 Ne8 18. g3 Nc7 19. Ne4 Nd5 20. Bxc5 Bxc5 21. Nxc5 Nc6 22. Ne4 Ne3 1-0

[Event "Moscow op (Women)"]
[Site "Moscow"]
[Date "2012.01.29"]
[Round "2"]
[White "Obolentseva, Alexandra"]
[Black "Bezgodova, Tatiana"]
[Result "1-0"]
[WhiteElo "1897"]
[BlackElo "1548"]
[PlyCount "89"]
[EventDate "2012.01.28"]
[EventType "swiss"]
[EventRounds "9"]
[EventCountry "RUS"]
[SourceTitle "CBM 146 Extra"]
[Source "ChessBase"]
[SourceDate "2012.02.29"]
[SourceVersion "1"]
[SourceVersionDate "2012.02.29"]
[SourceQuality "1"]

1. d4 Nf6 2. c4 d6 3. Nc3 Nbd7 4. Nf3 c6 5. e4 e5 6. Be2 Be7 7. 0-0 0-0 8. Re1 a6 9. Bf1 b5 10. a3 Re8 11. cxb5 cxb5 12. dxe5 dxe5 13. Bg5 h6 14. Bxf6 Bxf6 15. Qc2 Bb7 16. Rad1 Rc8 17. Rd6 Qe7 18. Qd1 Red8 19. Rd2 Nc5 20. Nd5 Bxd5 21. exd5 Rd6 22. Nxe5 Bxe5 23. f4 f6 24. fxe5 fxe5 25. b4 Na4 26. Qh5 Re8 27. Bd3 Nc3 28. Qf5 Qf7 29. Qh7+ Kf8 30. Qh8+ Qg8 31. Rf2+ Ke7 32. Rxe5+ Kd7 33. Rxe8 Qxe8 34. Qxg7+ Kd8 35. Rf8 Nxd5 36. Rxe8+ Kxe8 37. Bg6+ Kd8 38. Qf8+ Kc7 39. Bf5 Nb6 40. Qe7+ Kc6 41. Be4+ Nd5 42. Qa7 h5 43. h4 Re6 44. Qxa6+ Kd7 45. Bf5 1-0

[Event "RUS-ch (Women) 1st League 61st"]
[Site "Ivanovo"]
[Date "2011.02.23"]
[Round "3"]
[White "Protopopova, Anastasiya"]
[Black "Bezgodova, Tatiana"]
[Result "1-0"]
[WhiteElo "1816"]
[BlackElo "1542"]
[PlyCount "97"]
[EventDate "2011.02.21"]
[EventType "swiss"]
[EventRounds "9"]
[EventCountry "RUS"]
[SourceTitle "CBM 141 Extra"]
[Source "ChessBase"]
[SourceDate "2011.05.03"]
[SourceVersion "1"]
[SourceVersionDate "2011.05.03"]
[SourceQuality "1"]

1. d4 Nf6 2. c4 d6 3. Nc3 Nbd7 4. e4 e5 5. Nge2 c6 6. g3 Be7 7. Bg2 0-0 8. 0-0 Re8 9. h3 Bf8 10. Be3 a6 11. a4 a5 12. Qc2 Nb6 13. b3 Be6 14. c5 dxc5 15. dxe5 Nfd7 16. f4 f6 17. f5 Bxf5 18. exf5 Nxe5 19. Bf2 c4 20. Nf4 Nbd7 21. Ne6 Qc8 22. Ne4 cxb3 23. Qxb3 Nf7 24. Rfe1 Nde5 25. Bb6 Bb4 26. Red1 Ra6 27. Bc5 Bxc5+ 28. N4xc5 Ra7 29. Qb6 Qb8 30. Rab1 Nc4 31. Qb3 b5 32. Bxc6 Rc8 33. axb5 Nb6 34. Kh2 a4 35. Qa2 h5 36. h4 Kh8 37. Nf4 Nh6 38. Nxh5 Nxf5 39. Qf2 Nxh4 40. Nf4 g5 41. gxh4 Qxf4+ 42. Qxf4 gxf4 43. Rf1 a3 44. Rxf4 a2 45. Ra1 Rd8 46. Rf2 Nc4 47. Raxa2 Rxa2 48. Rxa2 Kg7 49. Ne6+ 1-0

[Event "Bykova Memorial op (Women)"]
[Site "Suzdal"]
[Date "2010.12.19"]
[Round "5"]
[White "Sharkova, Vera"]
[Black "Bezgodova, Tatiana"]
[Result "1-0"]
[WhiteElo "1974"]
[BlackElo "1521"]
[PlyCount "117"]
[EventDate "2010.12.15"]
[EventType "swiss"]
[EventRounds "9"]
[EventCountry "RUS"]
[SourceTitle "CBM 140 Extra"]
[Source "ChessBase"]
[SourceDate "2011.03.01"]
[SourceVersion "1"]
[SourceVersionDate "2011.03.01"]
[SourceQuality "1"]

1. e4 e5 2. f4 Nf6 3. fxe5 Nxe4 4. Nf3 Ng5 5. Be2 Nxf3+ 6. Bxf3 d6 7. exd6 Bxd6 8. 0-0 0-0 9. c3 c6 10. d4 Be6 11. Nd2 Nd7 12. Ne4 Bc7 13. Qe2 Re8 14. Qf2 Bc4 15. Re1 Bd5 16. Bg5 f6 17. Bh4 Bxe4 18. Bxe4 c5 19. Bxb7 Rxe1+ 20. Rxe1 Rb8 21. Bd5+ Kh8 22. b3 cxd4 23. cxd4 Nf8 24. Bc4 Bb6 25. Rd1 Qd7 26. Qf4 Rd8 27. Bf2 Ng6 28. Qe4 Re8 29. Qd5 Qg4 30. Be2 Qc8 31. Bc4 Nf4 32. Qf3 Ne6 33. d5 Bxf2+ 34. Qxf2 Ng5 35. Qxa7 Qg4 36. Rf1 h5 37. Qa4 Rd8 38. Qa5 Rc8 39. Qa6 h4 40. Be2 Qd7 41. h3 Rc3 42. Qa8+ Kh7 43. Bg4 Qe7 44. Kh1 Rg3 45. d6 Qxd6 46. Bf5+ g6 47. Qb7+ Kh6 48. Bg4 f5 49. Bf3 Nxh3 50. Qd5 Qa6 51. Qc4 Qxa2 52. Qxh4+ Kg7 53. Qxg3 Qa6 54. Re1 g5 55. Qc7+ Kh6 56. gxh3 Qg6 57. Qe7 Qg7 58. Qxg7+ Kxg7 59. b4 1-0

[Event "Bykova Memorial op (Women)"]
[Site "Suzdal"]
[Date "2010.12.16"]
[Round "2"]
[White "Cyriatova, Anastasiy"]
[Black "Bezgodova, Tatiana"]
[Result "0-1"]
[WhiteElo "2038"]
[BlackElo "1521"]
[PlyCount "96"]
[EventDate "2010.12.15"]
[EventType "swiss"]
[EventRounds "9"]
[EventCountry "RUS"]
[SourceTitle "CBM 140 Extra"]
[Source "ChessBase"]
[SourceDate "2011.03.01"]
[SourceVersion "1"]
[SourceVersionDate "2011.03.01"]
[SourceQuality "1"]

1. e4 e5 2. Nf3 Nc6 3. Bc4 Bc5 4. c3 Nf6 5. d4 exd4 6. cxd4 Bb4+ 7. Nc3 Nxe4 8. 0-0 Bxc3 9. d5 Bf6 10. Re1 Ne7 11. Rxe4 d6 12. g4 h6 13. h4 Qd7 14. Qe2 a6 15. g5 hxg5 16. Bxg5 Kd8 17. Re1 Re8 18. Nh2 Bxg5 19. hxg5 b5 20. Bb3 Bb7 21. Ng4 a5 22. a3 c6 23. Nf6 gxf6 24. Qe3 Ra6 25. a4 cxd5 26. Rf4 Ng6 27. Qxe8+ Qxe8 28. Rxe8+ Kxe8 29. Rxf6 bxa4 30. Bxa4+ Ke7 31. Bc2 Ne5 32. Rf4 Rb6 33. b3 Rb4 34. Rxb4 axb4 35. Kf1 Nf3 36. g6 fxg6 37. Bxg6 Nd2+ 38. Ke2 Nxb3 39. Kd1 Kf6 40. Bb1 Ke5 41. Kc2 Nd4+ 42. Kd3 Ba6+ 43. Ke3 Nf5+ 44. Kd2 d4 45. Ba2 d3 46. f3 Ng3 47. Bb3 Kf4 48. Bd5 Nf1+ 0-1

[Event "Kostroma Volga Cup op"]
[Site "Kostroma"]
[Date "2010.07.??"]
[Round "5"]
[White "Motorin, Alexander"]
[Black "Bezgodova, Tatiana"]
[Result "1-0"]
[WhiteElo "1925"]
[BlackElo "1484"]
[PlyCount "82"]
[EventDate "2010.07.??"]
[EventType "swiss"]
[EventRounds "9"]
[EventCountry "RUS"]
[SourceTitle "EXT 2011"]
[Source "ChessBase"]
[SourceDate "2010.11.26"]
[SourceVersion "1"]
[SourceVersionDate "2010.11.26"]
[SourceQuality "1"]

1. d4 Nf6 2. Nf3 c6 3. Bf4 d5 4. e3 Bg4 5. Be2 e6 6. Nbd2 Bd6 7. Bg3 Qc7 8. c3 Nbd7 9. Qc2 Bf5 10. Bd3 Bg6 11. e4 dxe4 12. Nxe4 Nxe4 13. Bxe4 Nf6 14. Bd3 0-0-0 15. 0-0-0 Rhe8 16. Kb1 Ng4 17. Bxd6 Qxd6 18. h3 Bxd3 19. Rxd3 Nf6 20. Rd2 Qf4 21. Re1 Qf5 22. Rde2 Qxc2+ 23. Kxc2 Kd7 24. b4 h6 25. a4 g5 26. a5 Nh5 27. g3 f5 28. a6 b5 29. Ne5+ Kc7 30. Nf7 Rd7 31. Nxh6 f4 32. Ng4 fxg3 33. fxg3 Nxg3 34. Nf6 Nxe2 35. Nxe8+ Kd8 36. Rxe2 Kxe8 37. Rxe6+ Kd8 38. Rxc6 Rh7 39. Rc5 Rxh3 40. Rxg5 Rh6 41. Rxb5 Rxa6 1-0

[Event "Kostroma Volga Cup op"]
[Site "Kostroma"]
[Date "2010.07.??"]
[Round "4"]
[White "Tarasov, Valery"]
[Black "Bezgodova, Tatiana"]
[Result "1-0"]
[WhiteElo "1936"]
[BlackElo "1484"]
[PlyCount "55"]
[EventDate "2010.07.??"]
[EventType "swiss"]
[EventRounds "9"]
[EventCountry "RUS"]
[SourceTitle "EXT 2011"]
[Source "ChessBase"]
[SourceDate "2010.11.26"]
[SourceVersion "1"]
[SourceVersionDate "2010.11.26"]
[SourceQuality "1"]

1. d4 Nf6 2. Nf3 d5 3. c4 e6 4. g3 Bb4+ 5. Bd2 Bxd2+ 6. Nbxd2 0-0 7. Bg2 Re8 8. 0-0 Nbd7 9. Qc2 Nf8 10. e4 dxe4 11. Nxe4 Ng6 12. Rad1 Bd7 13. Ne5 Nxe4 14. Bxe4 c6 15. h4 f5 16. Bg2 Qc7 17. f4 Rad8 18. c5 Bc8 19. Nc4 Nh8 20. Rfe1 Nf7 21. Qa4 b5 22. cxb6 axb6 23. Qxc6 Qxc6 24. Bxc6 Re7 25. Nxb6 Rc7 26. Nxc8 Rxc6 27. Ne7+ Kf8 28. Nxc6 1-0

[Event "Lipetsk op"]
[Site "Lipetsk"]
[Date "2010.06.30"]
[Round "8"]
[White "Bezgodova, Tatiana"]
[Black "Korolev, Dmitry"]
[Result "1-0"]
[WhiteElo "1475"]
[BlackElo "1717"]
[PlyCount "95"]
[EventDate "2010.06.23"]
[EventType "swiss"]
[EventRounds "9"]
[EventCountry "RUS"]
[SourceTitle "CBM 137 Extra"]
[Source "ChessBase"]
[SourceDate "2010.09.01"]
[SourceVersion "1"]
[SourceVersionDate "2010.09.01"]
[SourceQuality "1"]

1. e4 e5 2. Nf3 Nc6 3. Nc3 Nf6 4. d4 exd4 5. Nxd4 Nxd4 6. Qxd4 Be7 7. e5 Ng8 8. Bc4 d6 9. exd6 Bxd6 10. Be3 Nf6 11. 0-0-0 0-0 12. Bg5 Be7 13. Qh4 Qe8 14. Bd3 h6 15. Bxf6 Bxf6 16. Qg3 Qc6 17. Be4 Qb6 18. b3 c6 19. f4 Qb4 20. Rd3 Bxc3 21. Rxc3 Qxe4 22. Re1 Qg6 23. Qf3 Be6 24. h3 Bd5 25. Qe3 Qxg2 26. Rg1 Rae8 27. Qxa7 Qe4 28. Qf2 Kh7 29. Rcg3 Rg8 30. Kb1 Qe2 31. Qd4 f6 32. h4 Be4 33. Qc3 Qh5 34. Re3 Qxh4 35. Rge1 Qxf4 36. Qc4 b5 37. Qc5 f5 38. R3e2 Qg3 39. Rg1 Qf4 40. Rf2 Qe5 41. Qb6 Ra8 42. Re2 Rgb8 43. Qxc6 Qd4 44. Qg6+ Kh8 45. Rh2 Rb6 46. Rxh6+ gxh6 47. Qg3 Rxa2 48. Qg8# 1-0

[Event "Lipetsk op"]
[Site "Lipetsk"]
[Date "2010.06.28"]
[Round "6"]
[White "Bezgodova, Tatiana"]
[Black "Grachev, Alexey"]
[Result "1-0"]
[WhiteElo "1475"]
[BlackElo "2121"]
[PlyCount "163"]
[EventDate "2010.06.23"]
[EventType "swiss"]
[EventRounds "9"]
[EventCountry "RUS"]
[SourceTitle "CBM 137 Extra"]
[Source "ChessBase"]
[SourceDate "2010.09.01"]
[SourceVersion "1"]
[SourceVersionDate "2010.09.01"]
[SourceQuality "1"]

1. e4 c6 2. d4 d5 3. Nd2 dxe4 4. Nxe4 Nd7 5. Nf3 Ngf6 6. Nxf6+ Nxf6 7. Bf4 Bg4 8. Be2 e6 9. h3 Bh5 10. Qd3 Bd6 11. Be3 0-0 12. 0-0-0 Bg6 13. Qb3 Qc7 14. Bd3 Bxd3 15. Qxd3 Nd5 16. Ng5 g6 17. h4 Rad8 18. Kb1 Bf4 19. Bxf4 Qxf4 20. Qf3 Qxf3 21. Nxf3 Nf6 22. Ne5 Ne4 23. Rhf1 Rd6 24. c3 Rfd8 25. Kc2 c5 26. dxc5 Rxd1 27. Rxd1 Rxd1 28. Kxd1 Nxc5 29. f3 f6 30. Nc4 Nd3 31. Kd2 Nf4 32. g3 Nd5 33. Kd3 Kf7 34. Nd6+ Ke7 35. Nxb7 h6 36. Na5 Kd7 37. Nc4 g5 38. Ne3 Ne7 39. Ng4 Ng8 40. hxg5 hxg5 41. a4 Kd6 42. Kd4 e5+ 43. Ke4 Ke6 44. Ne3 Ne7 45. g4 Nc8 46. Nc4 Ne7 47. a5 Nd5 48. Ne3 Nc7 49. b4 Nb5 50. Nd1 a6 51. c4 Nd4 52. Ne3 Nc6 53. Nd5 Kd6 54. Kd3 Nd4 55. Ke4 Nc6 56. c5+ Ke6 57. Nc7+ Kd7 58. Nxa6 Kc8 59. b5 Nxa5 60. c6 Nc4 61. Kf5 Nd6+ 62. Kxf6 Nxb5 63. Kxe5 Na7 64. Nb4 Nb5 65. f4 gxf4 66. Kxf4 Kc7 67. Ke5 Na7 68. g5 Nc8 69. g6 Na7 70. g7 Nxc6+ 71. Nxc6 Kxc6 72. g8Q Kc5 73. Qd8 Kc4 74. Qd5+ Kc3 75. Qd4+ Kc2 76. Qe3 Kd1 77. Qf2 Kc1 78. Qe2 Kb1 79. Qd2 Ka1 80. Kd4 Kb1 81. Kc3 Ka1 82. Qb2# 1-0

[Event "Lipetsk op"]
[Site "Lipetsk"]
[Date "2010.06.27"]
[Round "5"]
[White "Bezgodova, Tatiana"]
[Black "Minio, Tamara"]
[Result "1-0"]
[WhiteElo "1475"]
[BlackElo "1927"]
[PlyCount "61"]
[EventDate "2010.06.23"]
[EventType "swiss"]
[EventRounds "9"]
[EventCountry "RUS"]
[SourceTitle "CBM 137 Extra"]
[Source "ChessBase"]
[SourceDate "2010.09.01"]
[SourceVersion "1"]
[SourceVersionDate "2010.09.01"]
[SourceQuality "1"]

1. e4 a6 2. d4 b5 3. Nf3 h6 4. c4 Bb7 5. d5 b4 6. Be2 a5 7. 0-0 g5 8. h3 Bg7 9. a3 bxa3 10. Rxa3 Bf8 11. Qd2 Nf6 12. e5 e6 13. Rxa5 Ne4 14. Qe1 c6 15. Rxa8 Bxa8 16. d6 Qb6 17. Nh2 Bg7 18. b4 Bxe5 19. c5 Bxh2+ 20. Kxh2 Qd8 21. Bd3 Nf6 22. Bb2 Rg8 23. Qe5 Nd5 24. Qe4 Nf4 25. Qh7 Rf8 26. Bg7 Ng6 27. Bxg6 fxg6 28. Bxf8 Qf6 29. Be7 Qf4+ 30. g3 Qf7 31. Qh8+ 1-0

[Event "Lipetsk op"]
[Site "Lipetsk"]
[Date "2010.06.26"]
[Round "4"]
[White "Ostapets, Viktoria"]
[Black "Bezgodova, Tatiana"]
[Result "1-0"]
[WhiteElo "1837"]
[BlackElo "1475"]
[PlyCount "89"]
[EventDate "2010.06.23"]
[EventType "swiss"]
[EventRounds "9"]
[EventCountry "RUS"]
[SourceTitle "CBM 137 Extra"]
[Source "ChessBase"]
[SourceDate "2010.09.01"]
[SourceVersion "1"]
[SourceVersionDate "2010.09.01"]
[SourceQuality "1"]

1. e4 e5 2. Nf3 Nc6 3. Bb5 a6 4. Ba4 Nf6 5. 0-0 Be7 6. Re1 b5 7. Bb3 d6 8. a3 0-0 9. Nc3 Na5 10. Ba2 c5 11. d3 Bb7 12. Be3 c4 13. b4 cxb3 14. cxb3 Re8 15. b4 Nc6 16. Nd5 Nxd5 17. Bxd5 Qd7 18. Qb3 Bf8 19. Rac1 Ne7 20. Bxf7+ Kh8 21. Bxe8 Rxe8 22. Ng5 d5 23. Nf7+ Kg8 24. Nxe5 Qd6 25. Nf3 Kh8 26. Bc5 Qd7 27. Red1 Ng6 28. Bxf8 Rxf8 29. Rc5 Qg4 30. Ne1 Nh4 31. h3 Qf4 32. Qc2 dxe4 33. dxe4 Bxe4 34. Qd2 Qf6 35. f3 Ba8 36. Qf2 h6 37. Rc2 Qg5 38. Kh1 Nf5 39. Rc5 Qf4 40. Rdc1 Ng3+ 41. Kg1 Ne4 42. Nd3 Qf6 43. fxe4 Qd6 44. Qxf8+ Qxf8 45. Rc8 1-0

[Event "Lipetsk op"]
[Site "Lipetsk"]
[Date "2010.06.23"]
[Round "1"]
[White "Kasantsev, Anatolij B"]
[Black "Bezgodova, Tatiana"]
[Result "1-0"]
[WhiteElo "2051"]
[BlackElo "1475"]
[PlyCount "91"]
[EventDate "2010.06.23"]
[EventType "swiss"]
[EventRounds "9"]
[EventCountry "RUS"]
[SourceTitle "CBM 137 Extra"]
[Source "ChessBase"]
[SourceDate "2010.09.01"]
[SourceVersion "1"]
[SourceVersionDate "2010.09.01"]
[SourceQuality "1"]

1. d4 Nf6 2. c4 d6 3. Nc3 e5 4. Nf3 Nbd7 5. Bg5 Be7 6. Qc2 c6 7. e3 a6 8. Bd3 b5 9. 0-0 0-0 10. Rfd1 Qc7 11. dxe5 dxe5 12. Bxh7+ Nxh7 13. Bxe7 Re8 14. Bd6 Qb6 15. c5 Nxc5 16. Bxe5 Qb7 17. Bd6 Ne6 18. Ne4 Rd8 19. Ne5 Neg5 20. Nxc6 Re8 21. Nxg5 Nxg5 22. Bg3 Be6 23. Nd4 Rac8 24. Qe2 Bc4 25. Qg4 Qe7 26. Nf5 Qf6 27. Nd6 Be6 28. Nxe8 Rxe8 29. Qf4 Qxf4 30. Bxf4 f6 31. Bxg5 fxg5 32. Rd6 a5 33. a3 a4 34. Rad1 Bb3 35. Rd8 Bxd1 36. Rxe8+ Kf7 37. Re5 Be2 38. Rxg5 Bc4 39. e4 Kf6 40. Rc5 Bd3 41. f3 Bc4 42. Kf2 Bd3 43. Ke3 Bc4 44. f4 Bf1 45. g4 Bc4 46. e5+ 1-0

[Event "Voronezh op-B 14th"]
[Site "Voronezh"]
[Date "2010.06.20"]
[Round "8"]
[White "Vechkanov, Valery"]
[Black "Bezgodova, Tatiana"]
[Result "0-1"]
[WhiteElo "1931"]
[BlackElo "1475"]
[PlyCount "92"]
[EventDate "2010.06.12"]
[EventType "swiss"]
[EventRounds "9"]
[EventCountry "RUS"]
[SourceTitle "CBM 137 Extra"]
[Source "ChessBase"]
[SourceDate "2010.09.01"]
[SourceVersion "1"]
[SourceVersionDate "2010.09.01"]
[SourceQuality "1"]

1. d4 Nf6 2. c4 d6 3. Nc3 c6 4. Bg5 Nbd7 5. e3 e5 6. Nf3 a6 7. Bd3 h6 8. Bh4 Be7 9. 0-0 0-0 10. Rc1 Re8 11. Bxf6 Nxf6 12. dxe5 dxe5 13. Nxe5 Bd6 14. Nf3 Bg4 15. h3 Bxf3 16. Qxf3 Bc7 17. Rcd1 Qe7 18. Qf5 Rad8 19. Bc2 g6 20. Qf3 Qe5 21. g3 h5 22. Qf4 Qe7 23. Qg5 Kg7 24. Kg2 Qe6 25. b3 Nh7 26. Qh4 Rxd1 27. Rxd1 f5 28. Qd4+ Kh6 29. Qd2 Kg7 30. Ne2 Ng5 31. Nd4 Qc8 32. Qe2 f4 33. Qd3 f3+ 34. Kf1 Qxh3+ 35. Ke1 Ne4 36. Nxf3 Ba5+ 37. Ke2 Nc3+ 38. Kd2 Nxd1+ 39. Kxd1 Rd8 40. Nd4 Qh1+ 41. Ke2 Qe1+ 42. Kf3 Rf8+ 43. Ke4 Qxf2 44. Ne6+ Kg8 45. Kd4 Qf6+ 46. Kc5 Qxe6 0-1

[Event "Voronezh op-B 14th"]
[Site "Voronezh"]
[Date "2010.06.13"]
[Round "2"]
[White "Chernov, Vladimir1111"]
[Black "Bezgodova, Tatiana"]
[Result "1-0"]
[WhiteElo "1992"]
[BlackElo "1475"]
[PlyCount "55"]
[EventDate "2010.06.12"]
[EventType "swiss"]
[EventRounds "9"]
[EventCountry "RUS"]
[SourceTitle "CBM 137 Extra"]
[Source "ChessBase"]
[SourceDate "2010.09.01"]
[SourceVersion "1"]
[SourceVersionDate "2010.09.01"]
[SourceQuality "1"]

1. Nf3 Nc6 2. d4 d5 3. Bg5 Nf6 4. e3 Bg4 5. Be2 e6 6. Ne5 Bxe2 7. Qxe2 Bd6 8. f4 h6 9. Bh4 Rg8 10. 0-0 g5 11. fxg5 hxg5 12. Bg3 Rg7 13. Qb5 Ke7 14. Qxb7 Nb4 15. Qb5 Qh8 16. Nc3 a6 17. Qe2 Nh5 18. a3 Nxg3 19. hxg3 f6 20. Ng4 Bxg3 21. Qf3 Nxc2 22. Qxg3 Nxa1 23. Qxc7+ Ke8 24. Nxf6+ Kf8 25. Qd6+ Kf7 26. Nfxd5+ Kg6 27. Qxe6+ Kh7 28. Nf6+ 1-0